It's not fair! / (Record no. 102717)
[ view plain ]
| 000 -LEADER | |
|---|---|
| fixed length control field | 00725nam a2200205 a 4500 |
| 005 - DATE AND TIME OF LATEST TRANSACTION | |
| control field | 20140412111241.0 |
| 008 - FIXED-LENGTH DATA ELEMENTS--GENERAL INFORMATION | |
| fixed length control field | 010426s19uu xx 00 eng d |
| 020 ## - INTERNATIONAL STANDARD BOOK NUMBER | |
| International Standard Book Number | 0-679-83951-8 |
| 050 ## - LIBRARY OF CONGRESS CALL NUMBER | |
| Classification number | TR(PS E |
| Item number | It1 1986 |
| 100 ## - MAIN ENTRY--PERSONAL NAME | |
| Personal name | Hautzig, Deborah |
| 245 ## - TITLE STATEMENT | |
| Title | It's not fair! / |
| Statement of responsibility, etc | by Deborah Hautzig; illustrated by Tom Leigh. |
| 260 ## - PUBLICATION, DISTRIBUTION, ETC. (IMPRINT) | |
| Place of publication, distribution, etc | New York : |
| Name of publisher, distributor, etc | Random House/Children's Television Workshop, |
| Date of publication, distribution, etc | 1986. |
| 300 ## - PHYSICAL DESCRIPTION | |
| Extent | 1v. (unp.) ; ill. |
| 500 ## - GENERAL NOTE | |
| General note | Featuring Jim Henson's Sesame Street Muppets |
| 520 ## - SUMMARY, ETC. | |
| Summary, etc | When irresponsible Ernie seems to be taking all the credit for Bert and threatens their friendship |
| 650 ## - SUBJECT ADDED ENTRY--TOPICAL TERM | |
| Topical term or geographic name as entry element | Anger-Fiction |
| 650 ## - SUBJECT ADDED ENTRY--TOPICAL TERM | |
| Topical term or geographic name as entry element | Friendship-Fiction |
| 650 ## - SUBJECT ADDED ENTRY--TOPICAL TERM | |
| Topical term or geographic name as entry element | Puppets-Fiction |
| Withdrawn status | Lost status | Damaged status | Home library | Current library | Shelving location | Date acquired | Source of acquisition | Cost, normal purchase price | Total Checkouts | Full call number | Barcode | Date last seen | Price effective from | Koha item type |
|---|---|---|---|---|---|---|---|---|---|---|---|---|---|---|
| Elizalde Library | Elizalde Library | Teachers Reference Section | 04/26/2001 | 79.50 | TR(PS E It1 1986 | E2583 | 04/12/2014 | 04/12/2014 | Books |